| 000 | 00679nam a22002417a 4500 | ||
|---|---|---|---|
| 003 | UA-OsUOA | ||
| 001 | 46102 | ||
| 007 | ta | ||
| 008 | 20070604b un ||||| |||| 00| 0 ukr d | ||
| 100 | _aПахальян В. | ||
| 090 |
_a159.9(075.8) _bП21 |
||
| 942 | _cBK | ||
| 040 |
_aUA-OsUOA _brus _cUA-OsUOA _dUA-OsUOA |
||
| 245 |
_aРазвитие и психологическое здоровье _bДошкольной и школьной возраст |
||
| 300 | _a240 с. | ||
| 955 | _a2 | ||
| 041 | _arus | ||
| 080 | _a159.9(075.8) | ||
| 020 | _a5-469-01071-6 | ||
| 260 |
_aСПб _bПитер _c2006 |
||
| 650 | 7 |
_a159.9 Психологія _2UDC |
|
| 999 |
_c332195 _d332195 |
||